Streets ahead (Record no. 74376)

MARC details
000 -LEADER
fixed length control field 01091cab a2200229 4500
001 - CONTROL NUMBER
control field ##ABS67735
008 - FIXED-LENGTH DATA ELEMENTS--GENERAL INFORMATION
fixed length control field 040426n2004 000 0 eng u
035 ## - SYSTEM CONTROL NUMBER
System control number (Sirsi) u125959
100 1# - MAIN ENTRY--PERSONAL NAME
Personal name Greening, R.
245 00 - TITLE STATEMENT
Title Streets ahead
260 ## - PUBLICATION, DISTRIBUTION, ETC.
Date of publication, distribution, etc. 2004
490 #0 - SERIES STATEMENT
Series statement Inside Housing
Volume/sequential designation 21(14) 9 April 2004, 20-21(2)
520 ## - SUMMARY, ETC.
Summary, etc. Examines how four local authorities are leading the way in supporting private sector housing renewal, which is moving up the government housing priority list. Government believes that it is primarily the responsibility of owners to keep private sector homes in decent condition but recognises that vulnerable groups do not have the resources for this. Housing renewal is one of 10 beacon themes for 2004-05 assisting the spread of good practice among local authorities. Looks at varied initiatives by councils in Wigan, Leicester, Bristol and Bolton.
590 ## - LOCAL NOTE (RLIN)
Local note ABS
650 24 - SUBJECT ADDED ENTRY--TOPICAL TERM
Topical term or geographic name entry element DCLG DECENT HOMES STANDARD
651 #4 - SUBJECT ADDED ENTRY--GEOGRAPHIC NAME
Geographic name WIGAN
651 #4 - SUBJECT ADDED ENTRY--GEOGRAPHIC NAME
Geographic name LEICESTER
651 #4 - SUBJECT ADDED ENTRY--GEOGRAPHIC NAME
Geographic name BOLTON
651 #4 - SUBJECT ADDED ENTRY--GEOGRAPHIC NAME
Geographic name BRISTOL
690 ## - LOCAL SUBJECT ADDED ENTRY--TOPICAL TERM (OCLC, RLIN)
Topical term or geographic name as entry element Residential property
9 (RLIN) 6266
942 ## - ADDED ENTRY ELEMENTS (KOHA)
Suppress in OPAC 0
Holdings
Withdrawn status Lost status Source of classification or shelving scheme Damaged status Not for loan Home library Current library Shelving location Date acquired Total Checkouts Full call number Barcode Date last seen Copy number Price effective from Koha item type
    Dewey Decimal Classification     London London Journal article 26/04/2004   ABS67735 125959-1001 06/08/2019 1 06/08/2019 Journal article